| 000 | 01599nam a2200229Ia 4500 | ||
|---|---|---|---|
| 003 | Ost | ||
| 005 | 20260507075603.0 | ||
| 008 | 260507s9999||||xx |||||||||||||| ||und|| | ||
| 020 | _a9772821958 | ||
| 040 | _cfsecg | ||
| 041 | _aara | ||
| 082 | _a0 | ||
| 100 |
_aستيوارت، توماس.أ _eمؤلف |
||
| 245 | 0 |
_aثروة المعرفة : _bرأس المال الفكري و مؤسسة القرن الحادي و العشرين / _c توماس.أ ستيوارت |
|
| 260 |
_aالقاهرة: _bالدار الدولية للاستثمارات الثقافية, _c2004 |
||
| 300 |
_a514 صفحة؛ _bإيضاحات ؛ _c24 سم |
||
| 520 | _aركائز الاقتصاد المعرفي و ماذا تفعل الشركات و لماذا توجد و المؤسسة الالكترونية اضافة الى استراتيجية لراس المال الفكري: تشغيل المعرفة بصورة اكبر و اذكى و اسرع, الحجج المضادة لادارة المعرفة و كذا عرض جديد : بيع المنتجات المعرفية , ادارة مشروعات المعرفة و تصميم جديد: العمليات الداعمة للتكنولوجيا و عمليات معرفية داعمة, ثقافة جديدة: اكتساب منظور معرفي, اضافة الى الرسمالى البشري, مبادئ المحاسبة غير المتعارف عليها , المحاسبة الادارية في عصر المعلومات | ||
| 653 | _aالمعرفة | ||
| 653 | _aثورة المعرفة | ||
| 653 | _aراس المال الفكري | ||
| 942 | _cكتاب | ||
| 999 |
_c45022 _d45022 |
||